Green things image quiz - Statistics

General Stats
  • This quiz has been taken 87 times
  • The average score is 8 of 12
Answer Stats
Picture Answer % Correct
Frog
99%
Kiwi
99%
Grass
96%
Green Tea
95%
Cucumber
93%
Peas
93%
Emerald
83%
Greenhouse
75%
Iguana
61%
Thai Green Curry
19%
Green Eggs and Ham
17%
Greenland
4%
No matching quizzes found
Score Distribution
Percent of People with Each Score
Percentile by Number Answered
Your Score History
You have not taken this quiz